| 000 | 00610nam a2200193Ia 4500 | ||
|---|---|---|---|
| 008 | 240729s9999 xx 000 0 und d | ||
| 022 | _a1653-4360 | ||
| 245 | 0 | _aInternational Journal of Public Information Systems | |
| 260 | _aSweden | ||
| 260 | _bMid Sweden University | ||
| 650 | _a Industrial engineering. Management engineering | ||
| 650 | _a Information technology | Political science | ||
| 650 | _a Political science (General) | ||
| 650 | _a Technology (General) | ||
| 650 | _aTechnology | ||
| 856 | _uhttps://doaj.org/toc/148175c26ab94d26bcee61b1bf5206e0 | ||
| 942 | _2ddc | ||
| 942 | _cDOAJEJ | ||
| 999 |
_c65896 _d65896 |
||
| 945 |
_a1 _bMadushi Gamage _c1 _dMadushi Gamage |
||